|
|
|
|
| LEADER |
00000nam0a2200000 4500 |
| 001 |
299228 |
| 005 |
20231102001201.0 |
| 020 |
|
|
|a RU
|b 82-71123
|
| 035 |
|
|
|a (RuTPU)RU\TPU\book\324380
|
| 090 |
|
|
|a 299228
|
| 100 |
|
|
|a 20150626g1982 k y0rusy5003 ca
|
| 101 |
0 |
|
|a rus
|
| 102 |
|
|
|a EE
|
| 105 |
|
|
|a a z 100zy
|
| 200 |
1 |
|
|a Охрана труда и природной среды при добыче и обогащении полезных ископаемых
|e тезисы докладов республиканской научно-технической конференции, Кохтла-Ярве, 15-17 сент. 1982 г.
|h Ч. 2 : Охрана труда
|f Министерство угольной промышленности СССР ; под ред. Э. В. Парахонского
|
| 210 |
|
|
|a Таллин
|c [Б. и.]
|d 1982
|
| 215 |
|
|
|a 208 c
|c ил.
|
| 606 |
1 |
|
|a Рекультивация земель
|x Механизация
|x Горное дело
|2 stltpush
|3 (RuTPU)RU\TPU\subj\24876
|9 49147
|
| 606 |
1 |
|
|a Горные предприятия
|x Охрана окружающей среды
|2 stltpush
|3 (RuTPU)RU\TPU\subj\8182
|9 35657
|
| 610 |
1 |
|
|a горная промышленность предприятия
|
| 610 |
1 |
|
|a охрана труда
|
| 610 |
1 |
|
|a природоохрана
|
| 610 |
1 |
|
|a полезные ископаемые
|
| 610 |
1 |
|
|a добыча
|
| 610 |
1 |
|
|a обогащение
|
| 610 |
1 |
|
|a профессиональные заболевания
|
| 610 |
1 |
|
|a условия труда
|
| 610 |
1 |
|
|a техника безопасности
|
| 610 |
1 |
|
|a конференции
|
| 610 |
1 |
|
|a Эстония
|
| 675 |
|
|
|a 622.88(063)
|z rus
|v 4
|
| 675 |
|
|
|a 622.012(063)
|z rus
|v 4
|
| 702 |
|
1 |
|a Парахонский
|b Э. В.
|4 340
|
| 712 |
0 |
2 |
|a Министерство угольной промышленности СССР
|2 stltpush
|3 (RuTPU)RU\TPU\col\9525
|9 24705
|
| 712 |
1 |
2 |
|a Охрана труда и природной среды при добыче и обогащении полезных ископаемых
|c научно-техническая конференция
|e Кохтла-Ярве
|f 1982
|
| 801 |
|
0 |
|a RU
|b RuMRKP
|c 19950704
|g psbo
|
| 801 |
|
1 |
|a RU
|b 63413507
|c 20150626
|
| 801 |
|
2 |
|a RU
|b 63413507
|c 20170801
|g RCR
|
| 942 |
|
|
|c BK
|